000 02053nam2a22003371 4500
001 v19\rc\1759754
005 20260405072018.0
035 _a(NLR Aleph) 004860665
090 _a5007784
_c5007784
100 _a20061204d1903 |||y0rusy50 ca
101 1 _arus
_cger
102 _aRU
105 _aab z |||||
200 1 _aСредиземное море и страны побережья
_f[Соч.] Д-ра К.Г. Брандиса, проф. В. Вальтера, Э. гр. Вильчека [и др.]
_gПер. А.И. Браудо
_gДоп. проф. М.И. Ростовцева
_gС карт. и табл., и исполн. д-ром Р. Боном, М. Гилльероном и О. Шульцом
210 _d1903
_aБ. м.
215 _aX, 577, IV с., 7 л., 31 л. ил., карт.
461 0 _1001v19\rc\1759751
_12001#$aИстория человечества$eВсемир. история$fСост.: проф. Г. Адлер, К. Арендт, Т. Ахелис [и др.]$gПод общ. ред. Г. Гельмольта$gПолн. пер. с знач. доп. для России избр. рус. ученых$vТ. 4
_95007758
_cСанкт-Петербург
_d1903-1904
_e2-е изд. со стереотипа. Т. 1
_fСост.: проф. Г. Адлер, К. Арендт, Т. Ахелис [и др.]
_nПросвещение
_oВсемир. история
_tИстория человечества
_vТ. 4
701 1 _aБрандис
_bК.Г.
701 1 _aВальтер
_bВ.
701 1 _aВильчек
_bЭ.
702 1 _4730
_8rus
_7ca
_aБраудо
_bА.И.
_f1864-1924
_gАлександр Исаевич
_3RU\NLR\AUTH\7723024
_96078
702 1 _4570
_8rus
_7ca
_aРостовцев
_bМ. И.
_cисторик
_f1870-1952
_gМихаил Иванович
_3RU\NLR\auth\7718683
_91759
702 1 _aБон
_bР.
_4570
702 1 _aГилльерон
_bМ.
_4570
702 1 _aШульц
_bО.
_4570
801 0 _aRU
_bNLR
_gpsbo
801 1 _aRU
_bProSoft-M
_2rusmarc
852 _aNLR
_j17.129.3.4
942 _cBOOK
980 _aNB